[Event "Canarias-chT"]
[Site "Arrecife de Lanzarote"]
[Date "2016.06.25"]
[Round "4.4"]
[White "Solana Suarez, Ernesto"]
[Black "Perez Perez, Gabriel"]
[Result "1-0"]
[WhiteElo "2300"]
[BlackElo "1765"]
[PlyCount "105"]
[EventDate "2016.06.23"]
[EventType "team-swiss"]
[EventRounds "6"]
[EventCountry "ESP"]
[SourceTitle "EXT 2021"]
[Source "ChessBase"]
[SourceDate "2020.10.23"]
[SourceVersion "1"]
[SourceVersionDate "2020.10.23"]
[SourceQuality "1"]
[WhiteTeam "Centro Goya Villa de Teror"]
[BlackTeam "Fundacion La Caja de Canarias"]
[WhiteTeamCountry "ESP"]
[BlackTeamCountry "ESP"]

1. d4 Nf6 2. c4 g6 3. Nc3 Bg7 4. e4 d6 5. h3 0-0 6. Bg5 c5 7. d5 e6 8. Bd3 exd5 9. cxd5 Re8 10. Nf3 a6 11. a4 Qc7 12. 0-0 Nbd7 13. Rc1 Nh5 14. Nd2 Rb8 15. Be2 h6 16. Be3 Nhf6 17. b4 b6 18. b5 a5 19. Qc2 Nf8 20. Nc4 N6d7 21. f4 Bd4 22. Qd3 Bxe3+ 23. Qxe3 Rb7 24. e5 dxe5 25. f5 g5 26. Ne4 f6 27. Ncd6 Rd8 28. Nxb7 Bxb7 29. Bc4 Kg7 30. h4 Nh7 31. Rcd1 Ndf8 32. d6 Qb8 33. Bd5 Bxd5 34. Rxd5 Qb7 35. Rfd1 Qf7 36. Qf3 Nd7 37. Kf2 Nhf8 38. hxg5 hxg5 39. Qh3 Kg8 40. Qh6 Qg7 41. Qxg7+ Kxg7 42. Nd2 Kf7 43. Nc4 Rb8 44. Ke3 Rc8 45. Ke4 Rb8 46. Rh1 Rc8 47. Rd3 Kg7 48. Rdh3 Kf7 49. Rh7+ Ke8 50. Re7+ Kd8 51. Rh8 Rb8 52. Kd5 Rc8 53. Rxd7+ 1-0

[Event "Canarias-chT"]
[Site "Arrecife de Lanzarote"]
[Date "2016.06.24"]
[Round "3.4"]
[White "Ramos Aguilar, Jose Manuel"]
[Black "Solana Suarez, Ernesto"]
[Result "1/2-1/2"]
[WhiteElo "2114"]
[BlackElo "2300"]
[PlyCount "146"]
[EventDate "2016.06.23"]
[EventType "team-swiss"]
[EventRounds "6"]
[EventCountry "ESP"]
[SourceTitle "EXT 2021"]
[Source "ChessBase"]
[SourceDate "2020.10.23"]
[SourceVersion "1"]
[SourceVersionDate "2020.10.23"]
[SourceQuality "1"]
[WhiteTeam "Casa de Venezuela Ebano"]
[BlackTeam "Centro Goya Villa de Teror"]
[WhiteTeamCountry "ESP"]
[BlackTeamCountry "ESP"]

1. Nf3 c5 2. g3 Nc6 3. Bg2 g6 4. 0-0 Bg7 5. e4 Nf6 6. Re1 d5 7. exd5 Nxd5 8. d3 0-0 9. Nbd2 b6 10. Nc4 Bb7 11. c3 Qc7 12. a4 Rab8 13. Bd2 Ba8 14. h4 Rbd8 15. Qc2 Nf6 16. Bf4 Qd7 17. Rad1 Nd5 18. Bc1 h6 19. d4 cxd4 20. cxd4 Rc8 21. Qb3 Na5 22. Nxa5 bxa5 23. Ne5 Qd6 24. Qb5 Qb4 25. Bxd5 Qxb5 26. Bxf7+ Rxf7 27. axb5 Bxe5 28. dxe5 Bf3 29. Rd3 e6 30. Bf4 Bd5 31. Bxh6 Rb7 32. Rc1 Rxc1+ 33. Bxc1 Rxb5 34. Rc3 Rb3 35. Rxb3 Bxb3 36. f3 a4 37. Kf2 Bc2 38. Be3 a6 39. Ke2 Kf7 40. Kd2 Bb3 41. g4 Bd5 42. Ke2 Bc4+ 43. Kf2 Bd3 44. Bf4 Bc2 45. Ke3 Bd1 46. h5 gxh5 47. gxh5 Bc2 48. Bg5 Bd1 49. h6 Bc2 50. Kd4 Bd1 51. f4 Bc2 52. Kc3 Bf5 53. Kb4 Bc2 54. Ka5 a3 55. bxa3 Bd3 56. Kb6 Kg6 57. a4 Be2 58. a5 Bd3 59. Kb7 Bb5 60. f5+ exf5 61. Kc7 f4 62. e6 f3 63. Be3 f2 64. Bxf2 Kxh6 65. Kd6 Kg7 66. Ke7 Kg8 67. Bd4 Ba4 68. Bc5 Bb5 69. Kf6 Ba4 70. Ke7 Bb5 71. Kd8 Ba4 72. Kc7 Bb5 73. Kd8 Ba4 1/2-1/2

[Event "Las Palmas Insular-chT Pref"]
[Site "Las Palmas "]
[Date "2016.03.05"]
[Round "13.2"]
[White "Solana Suarez, Ernesto"]
[Black "Camino Carrio, Nicanor"]
[Result "1/2-1/2"]
[WhiteElo "2308"]
[BlackElo "1989"]
[PlyCount "120"]
[EventDate "2015.10.17"]
[EventType "team-tourn"]
[EventRounds "14"]
[EventCountry "ESP"]
[SourceTitle "EXT 2017"]
[Source "ChessBase"]
[SourceDate "2016.10.25"]
[SourceVersion "1"]
[SourceVersionDate "2016.10.25"]
[SourceQuality "1"]
[WhiteTeam "Goya Villa de Teror"]
[BlackTeam "Piscolabis Oleaje San Andres"]
[WhiteTeamCountry "ESP"]
[BlackTeamCountry "ESP"]

1. d4 Nf6 2. c4 g6 3. Nc3 Bg7 4. e4 d6 5. h3 0-0 6. Bg5 h6 7. Be3 Na6 8. Nf3 e5 9. d5 Nc5 10. Nd2 a5 11. Be2 Nfd7 12. g4 Nb6 13. Rg1 Kh7 14. Qc2 a4 15. Rg3 a3 16. b3 Na6 17. Nf3 Nb4 18. Qd2 f5 19. gxf5 gxf5 20. Rxg7+ Kxg7 21. Bxh6+ Kh8 22. Bxf8 Qxf8 23. 0-0-0 fxe4 24. Nxe4 Qf4 25. Qxf4 exf4 26. Nc3 Bf5 27. Nd4 Bh7 28. Ne6 Rc8 29. Rg1 c6 30. dxc6 Rxc6 31. Kd2 d5 32. Nd4 Rh6 33. cxd5 N6xd5 34. Nxd5 Nxd5 35. Nb5 Nb4 36. Rc1 Bf5 37. Rc4 Nxa2 38. Rxf4 Be6 39. h4 Bxb3 40. Nxa3 Rd6+ 41. Ke3 Nc3 42. Bc4 Ba4 43. Rf8+ Kg7 44. Rf7+ Kh6 45. Rxb7 Kh5 46. Rh7+ Kg4 47. Be2+ Kh3 48. Bf1+ Kh2 49. Nc4 Nd1+ 50. Kf4 Rf6+ 51. Kg5 Rxf2 52. Bd3 Rg2+ 53. Kf4 Nf2 54. Bf5 Nh3+ 55. Bxh3 Kxh3 56. Ne5 Bc2 57. Rc7 Rf2+ 58. Ke3 Rf5 59. Rxc2 Rxe5+ 60. Kf4 Ra5 1/2-1/2

[Event "Las Palmas Insular-chT Pref"]
[Site "Las Palmas "]
[Date "2015.11.07"]
[Round "2.2"]
[White "Solana Suarez, Ernesto"]
[Black "Alonso Valiente, Alexis"]
[Result "1/2-1/2"]
[WhiteElo "2316"]
[BlackElo "1962"]
[PlyCount "119"]
[EventDate "2015.10.17"]
[EventType "team-tourn"]
[EventRounds "14"]
[EventCountry "ESP"]
[SourceTitle "CBM 170 Extra"]
[Source "ChessBase"]
[SourceDate "2016.02.25"]
[SourceVersion "1"]
[SourceVersionDate "2016.02.25"]
[SourceQuality "1"]
[WhiteTeam "Goya Villa de Teror"]
[BlackTeam "Sociedad La Montana"]
[WhiteTeamCountry "ESP"]
[BlackTeamCountry "ESP"]

1. Nf3 Nf6 2. c4 e6 3. g3 b6 4. Bg2 Bb7 5. 0-0 Be7 6. b3 0-0 7. Bb2 c5 8. Nc3 d5 9. e3 dxc4 10. bxc4 Nc6 11. Qe2 Rc8 12. Rfd1 Na5 13. d3 Nd7 14. Rab1 Bd6 15. Ba1 Qe7 16. Nd2 Bxg2 17. Kxg2 Ne5 18. f4 Nec6 19. Nf3 Rfd8 20. Ne4 Bb8 21. g4 e5 22. f5 f6 23. Bc3 Nb7 24. Be1 Nd6 25. Nfd2 Nb4 26. Nxd6 Bxd6 27. Ne4 Qb7 28. a3 Nc6 29. Qf3 Be7 30. Nc3 Qd7 31. Qd5+ Kh8 32. Qxd7 Rxd7 33. Kf3 Kg8 34. Nd5 Bd8 35. Ke4 Kf7 36. Bc3 Ne7 37. Nxe7 Rxe7 38. a4 g6 39. Rf1 Bc7 40. h3 Rd8 41. Rb3 g5 42. h4 Rg8 43. Rh1 Ke8 44. a5 Kd7 45. axb6 axb6 46. Ra3 Kc6 47. hxg5 Rxg5 48. Rh6 Rf7 49. Kf3 Kb7 50. Be1 Rfg7 51. Rxf6 Rxg4 52. Re6 Rg1 53. Bf2 Rh1 54. f6 Rh3+ 55. Ke4 Rf7 56. Ra2 Rh6 57. Kf5 Rh5+ 58. Kg4 Rh2 59. Kf5 Rh5+ 60. Kg4 1/2-1/2

[Event "Canarias-chT"]
[Site "Vecindario"]
[Date "2015.06.13"]
[Round "4.2"]
[White "Angel Acosta, Juan Carlos"]
[Black "Solana Suarez, Ernesto"]
[Result "1/2-1/2"]
[WhiteElo "2248"]
[BlackElo "2328"]
[PlyCount "77"]
[EventDate "2015.06.11"]
[EventType "team-swiss"]
[EventRounds "6"]
[EventCountry "ESP"]
[SourceTitle "EXT 2024"]
[Source "ChessBase"]
[SourceDate "2023.10.10"]
[SourceVersion "1"]
[SourceVersionDate "2023.10.10"]
[SourceQuality "1"]
[WhiteTeam "Guia Univac"]
[BlackTeam "Villa de Teror"]
[WhiteTeamCountry "ESP"]
[BlackTeamCountry "ESP"]

1. c4 c5 2. Nc3 g6 3. g3 Bg7 4. Bg2 Nc6 5. e3 Nh6 6. Nge2 Nf5 7. d3 b6 8. a3 Bb7 9. Rb1 d6 10. 0-0 Qd7 11. b4 0-0 12. Qa4 Rfd8 13. Rd1 Rac8 14. b5 Na5 15. e4 Nd4 16. Nxd4 cxd4 17. Ne2 a6 18. Bd2 Ra8 19. Rdc1 e5 20. Qc2 f5 21. Bxa5 bxa5 22. bxa6 Rxa6 23. Rxb7 Qxb7 24. exf5 Qa7 25. fxg6 hxg6 26. Rb1 Rb6 27. Bd5+ Kh7 28. Rb5 Rc8 29. a4 Rxb5 30. axb5 a4 31. Nc1 Qa5 32. Bc6 Qc3 33. Qd1 Bh6 34. Na2 Qb3 35. Qe2 a3 36. Be4 Rf8 37. Qg4 Rf6 38. Qd7+ Bg7 39. Qh3+ 1/2-1/2

[Event "Canarias-chT"]
[Site "Vecindario"]
[Date "2015.06.11"]
[Round "1.2"]
[White "Sanchez Quintero, Raul"]
[Black "Solana Suarez, Ernesto"]
[Result "0-1"]
[WhiteElo "1989"]
[BlackElo "2328"]
[PlyCount "47"]
[EventDate "2015.06.11"]
[EventType "team-swiss"]
[EventRounds "6"]
[EventCountry "ESP"]
[SourceTitle "EXT 2024"]
[Source "ChessBase"]
[SourceDate "2023.10.10"]
[SourceVersion "1"]
[SourceVersionDate "2023.10.10"]
[SourceQuality "1"]
[WhiteTeam "Sociedad La Montana"]
[BlackTeam "Villa de Teror"]
[WhiteTeamCountry "ESP"]
[BlackTeamCountry "ESP"]

1. e4 c5 2. Nf3 e6 3. d4 cxd4 4. Nxd4 Nc6 5. Nxc6 bxc6 6. Bd3 Nf6 7. 0-0 d5 8. Nd2 Be7 9. b3 0-0 10. Bb2 a5 11. Qe2 a4 12. f4 Re8 13. Kh1 Qb6 14. Rae1 axb3 15. axb3 Ra2 16. Bxf6 Bxf6 17. e5 Be7 18. Rf3 g6 19. Rh3 Ba6 20. Nf1 Bxd3 21. Qxd3 Qf2 22. Qe2 Rxc2 23. Qxf2 Rxf2 24. Rc3 0-1

[Event "Gran Canaria Dominguez Memorial 2nd"]
[Site "Gran Canaria"]
[Date "2015.04.16"]
[Round "3"]
[White "Angel Acosta, Juan Carlos"]
[Black "Solana Suarez, Ernesto"]
[Result "1-0"]
[WhiteElo "2170"]
[BlackElo "2330"]
[PlyCount "91"]
[EventDate "2015.04.09"]
[EventType "swiss"]
[EventRounds "7"]
[EventCountry "ESP"]
[SourceTitle "CBM 166 Extra"]
[Source "ChessBase"]
[SourceDate "2015.06.18"]
[SourceVersion "1"]
[SourceVersionDate "2015.06.18"]
[SourceQuality "1"]

1. c4 c5 2. Nc3 g6 3. g3 Bg7 4. Bg2 Nc6 5. Nf3 d6 6. d3 Qd7 7. 0-0 b6 8. Rb1 Bb7 9. e3 Bxc3 10. bxc3 0-0-0 11. e4 e6 12. Qe2 h6 13. Be3 Nge7 14. Rfd1 e5 15. Nd2 f5 16. Bh3 Rdf8 17. Nb3 Nd8 18. f3 Ne6 19. d4 Qc7 20. exf5 gxf5 21. Bf2 Ng5 22. Bg2 f4 23. d5 e4 24. gxf4 exf3 25. Bxf3 Nh3+ 26. Kh1 Nxf2+ 27. Qxf2 Rxf4 28. Qe3 Rhf8 29. Nd2 Kb8 30. Bg2 Ng6 31. Rf1 Qe7 32. Qg3 Rxf1+ 33. Rxf1 Rxf1+ 34. Bxf1 Ne5 35. Qf4 Bc8 36. Qxh6 Bf5 37. Qf4 Qh7 38. h4 Kc7 39. Bg2 Bg4 40. Qg5 Qd3 41. h5 Bxh5 42. Qe7+ Kc8 43. Qxd6 Qg3 44. Qe6+ Kb7 45. d6+ Ka6 46. Qc8+ 1-0

[Event "Las Palmas Insular-chT Pref"]
[Site "Las Palmas"]
[Date "2015.03.28"]
[Round "12.3"]
[White "Rodriguez Ferraz, Borja"]
[Black "Solana Suarez, Ernesto"]
[Result "1/2-1/2"]
[WhiteElo "2190"]
[BlackElo "2330"]
[PlyCount "107"]
[EventDate "2014.11.22"]
[EventType "team-tourn"]
[EventRounds "14"]
[EventCountry "ESP"]
[SourceTitle "EXT 2016"]
[Source "ChessBase"]
[SourceDate "2015.10.08"]
[SourceVersion "1"]
[SourceVersionDate "2015.10.08"]
[SourceQuality "1"]
[WhiteTeam "La Caja de Vecindario"]
[BlackTeam "Villa de Teror Goya"]
[WhiteTeamCountry "ESP"]
[BlackTeamCountry "ESP"]

1. c4 g6 2. g3 c5 3. Bg2 Bg7 4. Nf3 Nc6 5. e3 e6 6. 0-0 Nge7 7. Nc3 0-0 8. Na4 b6 9. d4 d6 10. Rb1 Ba6 11. b3 b5 12. cxb5 Bxb5 13. Re1 Bxa4 14. bxa4 cxd4 15. Nxd4 d5 16. Nxc6 Nxc6 17. Ba3 Re8 18. Bf1 Bf8 19. Bxf8 Rxf8 20. Qc2 Ne5 21. Rec1 Qf6 22. Be2 h5 23. Qc7 Rfd8 24. Rb4 Rd7 25. Rb8+ Rxb8 26. Qxb8+ Kh7 27. h3 d4 28. exd4 Rxd4 29. Qxa7 Re4 30. Bf1 h4 31. a5 hxg3 32. fxg3 Qg5 33. Rc3 Qd2 34. Ra3 Ra4 35. Qe3 Qxe3+ 36. Rxe3 Rxa5 37. a4 Kg7 38. Bb5 Kf6 39. Kf2 g5 40. Rc3 Ra8 41. Ke3 Ke7 42. Kd4 Kd6 43. Re3 f6 44. Kc3 Kc5 45. Kb3 Rd8 46. Rc3+ Kb6 47. Re3 Rd1 48. Be2 Rb1+ 49. Ka2 Re1 50. Rb3+ Ka5 51. Bb5 Rh1 52. g4 Rh2+ 53. Ka3 Rh1 54. Ka2 1/2-1/2

[Event "Las Palmas Insular-chT Pref"]
[Site "Las Palmas"]
[Date "2015.03.07"]
[Round "9.2"]
[White "Cruz Pino, Adrian"]
[Black "Solana Suarez, Ernesto"]
[Result "0-1"]
[WhiteElo "1978"]
[BlackElo "2330"]
[PlyCount "84"]
[EventDate "2014.11.22"]
[EventType "team-tourn"]
[EventRounds "14"]
[EventCountry "ESP"]
[SourceTitle "EXT 2016"]
[Source "ChessBase"]
[SourceDate "2015.10.08"]
[SourceVersion "1"]
[SourceVersionDate "2015.10.08"]
[SourceQuality "1"]
[WhiteTeam "Anand Iberia"]
[BlackTeam "Villa de Teror Goya"]
[WhiteTeamCountry "ESP"]
[BlackTeamCountry "ESP"]

1. Nf3 c5 2. e4 e6 3. g3 Nc6 4. Bg2 Nf6 5. d3 d5 6. Nbd2 Be7 7. 0-0 Qc7 8. Re1 b6 9. exd5 Nxd5 10. Nc4 Bb7 11. Nce5 Nxe5 12. Nxe5 0-0 13. Qe2 Rad8 14. a3 Nf6 15. h4 Bxg2 16. Kxg2 Nd7 17. Bf4 Bd6 18. Nxd7 Rxd7 19. Bxd6 Rxd6 20. Qe4 Rd4 21. Qf3 c4 22. Re4 Rxe4 23. dxe4 Qe5 24. c3 Rd8 25. Qe2 Rd3 26. Kf1 h5 27. Ke1 Rxc3 28. Rd1 Rb3 29. Rd8+ Kh7 30. Kf1 Rxb2 31. Qxc4 Rxf2+ 32. Kxf2 Qf6+ 33. Kg2 Qxd8 34. a4 g6 35. Qc3 Kg8 36. e5 Qd5+ 37. Kh2 Qc5 38. Qb2 a6 39. Qd2 Qxe5 40. Qd8+ Kg7 41. Qxb6 Qe2+ 42. Kh3 Qg4+ 0-1

[Event "Las Palmas Insular-chT Primera-A"]
[Site "Las Palmas"]
[Date "2014.02.22"]
[Round "10.1"]
[White "Solana Suarez, Ernesto"]
[Black "Garcia Gonzalez, Emilio Angel"]
[Result "1-0"]
[WhiteElo "2339"]
[BlackElo "2075"]
[PlyCount "88"]
[EventDate "2013.11.09"]
[EventType "team-tourn"]
[EventRounds "14"]
[EventCountry "ESP"]
[SourceTitle "EXT 2015"]
[Source "ChessBase"]
[SourceDate "2014.11.20"]
[SourceVersion "1"]
[SourceVersionDate "2014.11.20"]
[SourceQuality "1"]
[WhiteTeam "Tirajana"]
[BlackTeam "La Bagacera"]
[WhiteTeamCountry "ESP"]
[BlackTeamCountry "ESP"]

1. d4 Nf6 2. c4 e6 3. g3 d5 4. Nf3 Be7 5. Bg2 0-0 6. 0-0 c6 7. Qc2 Nbd7 8. Nbd2 b6 9. e4 dxe4 10. Nxe4 Bb7 11. Rd1 Nxe4 12. Qxe4 Qc8 13. Bf4 Re8 14. Qc2 Nf6 15. c5 Nd7 16. b4 Bf6 17. Bh3 Nf8 18. Bd6 Qd8 19. Ne5 Ng6 20. Bg2 Rc8 21. Qa4 a6 22. Qb3 Be7 23. Nc4 b5 24. Nb6 Bxd6 25. Nxc8 Bc7 26. Nb6 Bxb6 27. cxb6 Qxb6 28. Qc3 Rd8 29. Qc5 Qc7 30. d5 exd5 31. Bxd5 Qe5 32. Bxf7+ Kxf7 33. Qxe5 Rxd1+ 34. Rxd1 Nxe5 35. f4 Ke6 36. Re1 Kd5 37. Rxe5+ Kc4 38. Re7 Bc8 39. Rc7 Bf5 40. Rxc6+ Kxb4 41. Rxa6 h5 42. Kf2 Kc3 43. a3 Bd3 44. Ke3 Bf5 1-0

[Event "Las Palmas Insular-chT Primera-A"]
[Site "Las Palmas"]
[Date "2013.12.14"]
[Round "4.1"]
[White "Solana Suarez, Ernesto"]
[Black "Camino Carrio, Nicanor"]
[Result "1-0"]
[WhiteElo "2339"]
[BlackElo "2045"]
[PlyCount "61"]
[EventDate "2013.11.09"]
[EventType "team-tourn"]
[EventRounds "14"]
[EventCountry "ESP"]
[SourceTitle "EXT 2015"]
[Source "ChessBase"]
[SourceDate "2014.11.20"]
[SourceVersion "1"]
[SourceVersionDate "2014.11.20"]
[SourceQuality "1"]
[WhiteTeam "Tirajana"]
[BlackTeam "San Andres"]
[WhiteTeamCountry "ESP"]
[BlackTeamCountry "ESP"]

1. d4 Nf6 2. c4 g6 3. Nf3 Bg7 4. g3 0-0 5. Bg2 d6 6. Nc3 Nc6 7. 0-0 Rb8 8. b3 e6 9. Bb2 a6 10. Rc1 Bd7 11. e4 b5 12. e5 dxe5 13. Nxe5 Ne7 14. Qe2 Nf5 15. Rfd1 b4 16. Ne4 Nxe4 17. Bxe4 Bxe5 18. dxe5 Qe7 19. Rd3 Rfd8 20. Rcd1 Be8 21. Qd2 Rxd3 22. Qxd3 a5 23. h4 a4 24. Bc1 Qc5 25. Bxf5 gxf5 26. Qd2 Qe7 27. Qh6 Rd8 28. Re1 Rd4 29. Bg5 Qf8 30. Qf6 Bc6 31. Bh6 1-0

[Event "Las Palmas Insular-chT Pref"]
[Site "Las Palmas"]
[Date "2013.02.23"]
[Round "10.1"]
[White "Solana Suarez, Ernesto"]
[Black "Vega Gutierrez, Sabrina Neide"]
[Result "1/2-1/2"]
[WhiteElo "2344"]
[BlackElo "2352"]
[PlyCount "50"]
[EventDate "2012.11.10"]
[EventType "team-tourn"]
[EventRounds "14"]
[EventCountry "ESP"]
[SourceTitle "EXT 2014"]
[Source "ChessBase"]
[SourceDate "2013.11.20"]
[SourceVersion "1"]
[SourceVersionDate "2013.11.20"]
[SourceQuality "1"]
[WhiteTeam "Grandama"]
[BlackTeam "Hispafrica"]
[WhiteTeamCountry "ESP"]
[BlackTeamCountry "ESP"]

1. d4 d5 2. c4 c6 3. cxd5 cxd5 4. Nc3 Nc6 5. Bf4 Nf6 6. e3 a6 7. Bd3 Bg4 8. Nge2 e6 9. 0-0 Bd6 10. f3 Bh5 11. Bxd6 Qxd6 12. Nf4 Bg6 13. Rc1 0-0 14. Bxg6 hxg6 15. Nd3 Nd7 16. f4 Rac8 17. Na4 Nb4 18. Ndc5 b6 19. Nxd7 Rxc1 20. Qxc1 Qxd7 21. Nxb6 Qb7 22. Na4 Nxa2 23. Qd2 Nb4 24. Nc5 Qb5 25. b3 Rb8 1/2-1/2

[Event "La Laguna op 1st"]
[Site "La Laguna"]
[Date "2007.03.12"]
[Round "9"]
[White "Krivoshey, Sergei"]
[Black "Solana Suarez, Ernesto"]
[Result "1/2-1/2"]
[WhiteElo "2496"]
[BlackElo "2316"]
[PlyCount "73"]
[EventDate "2007.03.05"]
[EventType "swiss"]
[EventRounds "9"]
[EventCountry "ESP"]
[SourceTitle "CBM 117 Extra"]
[Source "ChessBase"]
[SourceDate "2007.05.09"]
[SourceVersion "1"]
[SourceVersionDate "2007.05.09"]
[SourceQuality "1"]

1. Nf3 f5 2. g3 Nf6 3. Bg2 g6 4. d4 Bg7 5. 0-0 0-0 6. b4 d6 7. Bb2 c6 8. Qd3 Kh8 9. Nbd2 Na6 10. Qb3 Nc7 11. c4 Be6 12. a4 a6 13. Qc2 Qd7 14. Rfe1 f4 15. e3 Bf5 16. Qb3 fxg3 17. hxg3 Bh3 18. Qd3 Qg4 19. Nh2 Qh5 20. Qe2 Qh6 21. e4 Nd7 22. Ndf1 Ne6 23. Rad1 Bxg2 24. Kxg2 Ng5 25. f4 Qh3+ 26. Kg1 Ne6 27. d5 Nc7 28. Bxg7+ Kxg7 29. Nf3 h6 30. dxc6 bxc6 31. e5 d5 32. Nd4 c5 33. bxc5 Nxc5 34. cxd5 Nxd5 35. Qg2 Qxg2+ 36. Kxg2 Nc3 37. Rc1 1/2-1/2

[Event "La Laguna op 1st"]
[Site "La Laguna"]
[Date "2007.03.09"]
[Round "6"]
[White "Solana Suarez, Ernesto"]
[Black "Meijers, Viesturs"]
[Result "1/2-1/2"]
[WhiteElo "2316"]
[BlackElo "2453"]
[PlyCount "111"]
[EventDate "2007.03.05"]
[EventType "swiss"]
[EventRounds "9"]
[EventCountry "ESP"]
[SourceTitle "CBM 117 Extra"]
[Source "ChessBase"]
[SourceDate "2007.05.09"]
[SourceVersion "1"]
[SourceVersionDate "2007.05.09"]
[SourceQuality "1"]

1. d4 Nf6 2. c4 e6 3. Nc3 Bb4 4. e3 b6 5. Nge2 Bb7 6. a3 Bxc3+ 7. Nxc3 0-0 8. d5 d6 9. Be2 c6 10. e4 cxd5 11. cxd5 exd5 12. exd5 Nbd7 13. 0-0 Rc8 14. Bg5 h6 15. Bh4 Rc5 16. Qd4 Re8 17. Bb5 g5 18. Bxd7 Nxd7 19. Bg3 Nf6 20. f4 Nxd5 21. fxg5 Nxc3 22. bxc3 Re2 23. Rf2 Rxf2 24. Qxf2 hxg5 25. Rd1 Rxc3 26. Bxd6 Qc8 27. h3 Rc2 28. Rd2 Rxd2 29. Qxd2 f6 30. Bb4 Kf7 31. Qd6 Kg6 32. Qd3+ Kg7 33. Qd6 Ba8 34. Kh2 a5 35. Bd2 Qb7 36. Qg3 Kf7 37. Qb3+ Kf8 38. Qg3 Qc6 39. Be3 Ke8 40. Bd4 Kd7 41. Qf2 Qd6+ 42. Kg1 Qxa3 43. Bxb6 Qa1+ 44. Kh2 Qe5+ 45. Kg1 Ke7 46. Qc5+ Qxc5+ 47. Bxc5+ Ke6 48. g4 a4 49. Kf2 f5 50. gxf5+ Kxf5 51. Be7 Bd5 52. Kg3 Bc4 53. Ba3 Bf1 54. Bc1 Bxh3 55. Kxh3 g4+ 56. Kg3 1/2-1/2

[Event "Mondariz Balneario 5th"]
[Site "Mondariz"]
[Date "2006.10.14"]
[Round "7"]
[White "Mascaro March, Pedro"]
[Black "Solana Suarez, Ernesto"]
[Result "1-0"]
[WhiteElo "2360"]
[BlackElo "2313"]
[PlyCount "59"]
[EventDate "2006.10.09"]
[EventType "swiss"]
[EventRounds "9"]
[EventCountry "ESP"]
[SourceTitle "CBM 114 Extra"]
[Source "ChessBase"]
[SourceDate "2006.11.03"]
[SourceVersion "1"]
[SourceVersionDate "2006.11.03"]
[SourceQuality "1"]

1. d4 Nf6 2. c4 e6 3. g3 d5 4. Nf3 c6 5. Qc2 Nbd7 6. Bg2 Be7 7. 0-0 0-0 8. Bf4 b6 9. Nbd2 Bb7 10. Rfd1 Nh5 11. Be3 f5 12. Ne5 Bd6 13. cxd5 cxd5 14. Ndc4 Bxe5 15. Nxe5 Nxe5 16. dxe5 f4 17. Bd4 fxg3 18. hxg3 Qe7 19. Rac1 Rac8 20. Qa4 Rxc1 21. Rxc1 Rc8 22. Rxc8+ Bxc8 23. Be3 g6 24. Bh6 Ng7 25. g4 Ne8 26. e3 Kf7 27. Bf1 Ng7 28. Bb5 Ne8 29. Qf4+ Kg8 30. Bxe8 1-0

[Event "Mondariz Balneario 5th"]
[Site "Mondariz"]
[Date "2006.10.09"]
[Round "1"]
[White "Llorente Zaro, Alfonso"]
[Black "Solana Suarez, Ernesto"]
[Result "1/2-1/2"]
[WhiteElo "2419"]
[BlackElo "2313"]
[PlyCount "76"]
[EventDate "2006.10.09"]
[EventType "swiss"]
[EventRounds "9"]
[EventCountry "ESP"]
[SourceTitle "CBM 114 Extra"]
[Source "ChessBase"]
[SourceDate "2006.11.03"]
[SourceVersion "1"]
[SourceVersionDate "2006.11.03"]
[SourceQuality "1"]

1. d4 Nf6 2. c4 e6 3. Nc3 Bb4 4. Qc2 c5 5. dxc5 Bxc5 6. Nf3 Qb6 7. e3 Qc7 8. a3 a6 9. b4 Be7 10. Bb2 d6 11. Be2 Nbd7 12. g4 h6 13. Rg1 d5 14. cxd5 Nxd5 15. Rc1 Nxc3 16. Bxc3 Bf6 17. Qb2 Bxc3+ 18. Rxc3 Qd8 19. h4 Nb6 20. Rd3 Qf6 21. Rd4 Bd7 22. g5 hxg5 23. hxg5 Qe7 24. Ne5 Ba4 25. Rf4 Rf8 26. Qd4 Nd5 27. Rxf7 Rxf7 28. Bh5 0-0-0 29. Nxf7 Rd7 30. Qxg7 Kb8 31. Qh8+ Ka7 32. Qd4+ b6 33. Ne5 Rd8 34. b5 Bxb5 35. Qb2 Qc5 36. Nf7 Rd7 37. Ne5 Rd8 38. Nf7 Rd7 1/2-1/2

[Event "ESP-chT Autonomicas"]
[Site "Padron"]
[Date "2006.10.06"]
[Round "2.2"]
[White "Garcia Castro, Pablo"]
[Black "Solana Suarez, Ernesto"]
[Result "1/2-1/2"]
[WhiteElo "2390"]
[BlackElo "2313"]
[PlyCount "47"]
[EventDate "2006.10.05"]
[EventType "team-swiss"]
[EventRounds "6"]
[EventCountry "ESP"]
[SourceTitle "EXT 2018"]
[Source "ChessBase"]
[SourceDate "2017.10.13"]
[SourceVersion "1"]
[SourceVersionDate "2017.10.13"]
[SourceQuality "1"]
[WhiteTeam "Galicia"]
[BlackTeam "Canarias"]
[WhiteTeamCountry "ESP"]
[BlackTeamCountry "ESP"]

1. e4 c5 2. d3 d5 3. exd5 Qxd5 4. Nc3 Qd7 5. Nf3 Nc6 6. g3 b6 7. Bg2 Bb7 8. 0-0 e6 9. Re1 Nf6 10. Bf4 Be7 11. a4 0-0 12. Ne5 Nxe5 13. Bxe5 Bxg2 14. Kxg2 Qc6+ 15. Qf3 Qxf3+ 16. Kxf3 Nd7 17. Bf4 a6 18. Rad1 Rac8 19. b3 Rfd8 20. h4 Nf6 21. Bg5 Kf8 22. Bxf6 Bxf6 23. Ne4 Ke7 24. Nxf6 1/2-1/2

[Event "Caja Canarias 2nd"]
[Site "Santa Cruz de Tenerife"]
[Date "2004.11.11"]
[Round "5.1"]
[White "Solana Suarez, Ernesto"]
[Black "Trujillo Delgado, Dafnae Lorena"]
[Result "1/2-1/2"]
[WhiteElo "2311"]
[BlackElo "2155"]
[PlyCount "25"]
[EventDate "2004.11.08"]
[EventType "tourn"]
[EventRounds "9"]
[EventCountry "ESP"]
[EventCategory "4"]
[SourceTitle "EXT 2005"]
[Source "ChessBase"]
[SourceDate "2004.11.15"]
[SourceVersion "1"]
[SourceVersionDate "2004.11.15"]
[SourceQuality "1"]

1. e4 c6 2. d4 d5 3. Nc3 dxe4 4. Nxe4 Bf5 5. Ng3 Bg6 6. h4 h6 7. Nh3 e6 8. Nf4 Bh7 9. Bd3 Qxd4 10. Be3 Qd8 11. Nxe6 Qa5+ 12. c3 fxe6 13. Bxh7 1/2-1/2

[Event "Caja Canarias 2nd"]
[Site "Santa Cruz de Tenerife"]
[Date "2004.11.08"]
[Round "1.1"]
[White "Tatai, Stefano"]
[Black "Solana Suarez, Ernesto"]
[Result "1/2-1/2"]
[WhiteElo "2348"]
[BlackElo "2311"]
[PlyCount "59"]
[EventDate "2004.11.08"]
[EventType "tourn"]
[EventRounds "9"]
[EventCountry "ESP"]
[EventCategory "4"]
[SourceTitle "EXT 2005"]
[Source "ChessBase"]
[SourceDate "2004.11.15"]
[SourceVersion "1"]
[SourceVersionDate "2004.11.15"]
[SourceQuality "1"]

1. e4 c6 2. d4 d5 3. e5 Bf5 4. g4 Be4 5. f3 Bg6 6. h4 h5 7. Bd3 Bxd3 8. Qxd3 e6 9. Bg5 Qb6 10. Nc3 c5 11. dxc5 Bxc5 12. 0-0-0 Nc6 13. Na4 Qa5 14. Nxc5 Qxc5 15. f4 hxg4 16. Ne2 Nge7 17. Bxe7 Nxe7 18. Rdg1 Nf5 19. Rxg4 Rc8 20. Rg5 Qc4 21. Kb1 Qxd3 22. cxd3 Ke7 23. Ng3 Nxg3 24. Rxg3 g6 25. Rg4 Rh5 26. Rc1 Rxc1+ 27. Kxc1 Rh8 28. Kd2 Rc8 29. Rg5 Rh8 30. Rg4 1/2-1/2